Hartford County, Connecticut - Cities and Towns - Statistics

General Stats
  • This quiz has been taken 19 times
  • The average score is 21 of 29
Answer Stats
Answer % Correct
East Hartford
100%
Hartford
100%
West Hartford
100%
Enfield
92%
Avon
85%
Farmington
85%
Manchester
85%
Windsor
85%
Windsor Locks
85%
Bloomfield
77%
Bristol
77%
East Granby
77%
East Windsor
77%
Glastonbury
77%
Granby
77%
New Britain
77%
Simsbury
77%
Rocky Hill
69%
South Windsor
69%
Suffield
69%
Canton
62%
Plainville
62%
Southington
62%
Wethersfield
62%
Berlin
54%
Burlington
54%
Newington
54%
Hartland
46%
Marlborough
31%
No matching quizzes found
Score Distribution
Percent of People with Each Score
Percentile by Number Answered
Your Score History
You have not taken this quiz